LEADER 01112nam0-2200361li-450 001 990000137480203316 005 20180312154842.0 035 $a0013748 035 $aUSA010013748 035 $a(ALEPH)000013748USA01 035 $a0013748 100 $a20001109d1981----km-y0itay0103----ba 101 0 $aeng 102 $aUS 200 1 $aAda$ean introduction$fHenry Ledgard 210 $aNew York [etc.]$cSpringer-Verlag,copyr. 1981 215 $a1 v., paginazione varia$d26 cm 300 $asul front.: ada reference manual (july 1980) 610 1 $alinguaggio ada 676 $a005133$9Specifici linguaggi di programmazione 700 1$aLedgard,$bHenry F.$0543695 801 $aSistema bibliotecario di Ateneo dell' Università di Salerno$gRICA 912 $a990000137480203316 951 $a001.64 LED$b0008185$c001.64$d00105545 959 $aBK 969 $aSCI 979 $c19900330 979 $c20001110$lUSA01$h1711 979 $aALANDI$b90$c20010221$lUSA01$h1211 979 $c20020403$lUSA01$h1621 979 $aPATRY$b90$c20040406$lUSA01$h1610 996 $aAda$91487794 997 $aUNISA